000 00777nam a22001817a 4500
999 _c371919
_d371919
008 201127b ||||| |||| 00| 0 eng d
040 _aDE-2950
_bger
_cDE-2950
_erda
041 _ager
245 _aAngriff und Massenschlägerei - Polizei gibt Warnschuss ab
_bGewalttat. Mittwochabend ist ein 17-jähriger durch Messerstiche verletzt worden. Nach dem Überfall gingen zwei Gruppen aufeinander los.
_cFrank Groneberg, Philipp Stepputis
264 _c2022
653 _aFrankfurt (Oder)
653 _aMassenschlägerei
773 _dFrankfurt (Oder) Märkisches Verlags- und Druckhaus GmbH & Co KG
_tMärkische Oderzeitung
_g33. Jahrgang (2022) Nr. 252 vom 28 .10.2022, S. 13; mit Foto
942 _cA